[Event "FBL 1"]
[Site "Deutschland"]
[Date "2010.03.27"]
[Round "10.1"]
[White "Mueller Ludwig, Kristin"]
[Black "Kludacz, Magdalena"]
[Result "1/2-1/2"]
[WhiteElo "2151"]
[BlackElo "2202"]
[PlyCount "90"]
[EventDate "2009.11.07"]
[EventType "team"]
[EventCountry "GER"]
[WhiteTeam "SV Medizin Erfurt"]
[BlackTeam "SAV Torgelow"]
[WhiteTeamCountry "GER"]
[BlackTeamCountry "GER"]

1. e4 e6 2. d4 d5 3. Nc3 Bb4 4. e5 c5 5. a3 Bxc3+ 6. bxc3 Qc7 7. Nf3 Ne7 8. Be2
b6 9. O-O Ba6 10. a4 Bxe2 11. Qxe2 O-O 12. Ba3 Nd7 13. Qd3 h6 14. Nd2 Rfe8 15.
f4 Rac8 16. Ra2 cxd4 17. cxd4 Qc3 18. Qxc3 Rxc3 19. Bxe7 Rxe7 20. Rf3 Rc6 21.
Rb3 Nf8 22. c3 Rec7 23. Nb1 Ng6 24. g3 Ne7 25. Kf2 Rc8 26. Ke3 R6c7 27. a5 bxa5
28. Rxa5 Nc6 29. Ra2 Rb8 30. Rxb8+ Nxb8 31. Kd3 Nd7 32. Na3 Rb7 33. Nc2 Nb6 34.
Nb4 Nc4 35. Ra6 Kf8 36. f5 Ke7 37. g4 Kd7 38. Ke2 Rc7 39. Nd3 Nb6 40. Nc5+ Ke7
41. Kf3 Nd7 42. Na4 Nb6 43. Nc5 Nd7 44. Na4 Nb6 45. Nc5 Nd7 1/2-1/2

[Event "FBL 1"]
[Site "Deutschland"]
[Date "2010.03.27"]
[Round "10.2"]
[White "Jakubiec, Edyta"]
[Black "Troyke, Doreen"]
[Result "1/2-1/2"]
[WhiteElo "2185"]
[BlackElo "2105"]
[PlyCount "93"]
[EventDate "2009.11.07"]
[EventType "team"]
[EventCountry "GER"]
[WhiteTeam "SAV Torgelow"]
[BlackTeam "SV Medizin Erfurt"]
[WhiteTeamCountry "GER"]
[BlackTeamCountry "GER"]

1. e4 c5 2. Nf3 d6 3. d4 cxd4 4. Nxd4 Nf6 5. Nc3 a6 6. Bg5 e6 7. f4 Qc7 8. Bxf6
gxf6 9. Qd2 Nc6 10. Nb3 b5 11. Be2 b4 12. Nd1 a5 13. Ne3 Be7 14. O-O Ba6 15.
Bxa6 Rxa6 16. Qe2 Qa7 17. Kh1 a4 18. Nd2 a3 19. b3 Nd4 20. Qd3 Rc6 21. c4 Rc8
22. f5 Nc6 23. Nf3 Ne5 24. Nxe5 dxe5 25. fxe6 fxe6 26. Ng4 O-O 27. Qg3 Kh8 28.
Rad1 Qb7 29. Qe3 Qc6 30. Rde1 Qe8 31. Rd1 Qg6 32. Qe2 Rg8 33. Rd7 Qxg4 34. Qxg4
Rxg4 35. Rxe7 Rxe4 36. h3 Re2 37. Rxf6 Rxa2 38. Rff7 Rb2 39. Rxh7+ Kg8 40.
Rhg7+ Kh8 41. Rh7+ Kg8 42. Reg7+ Kf8 43. Rb7 Kg8 44. Rhg7+ Kh8 45. Rh7+ Kg8 46.
Rhg7+ Kh8 47. Rh7+ 1/2-1/2

[Event "FBL 1"]
[Site "Deutschland"]
[Date "2010.03.27"]
[Round "10.3"]
[White "Hannes, Diana"]
[Black "Kunze, Kerstin"]
[Result "1/2-1/2"]
[WhiteElo "2115"]
[BlackElo "2147"]
[PlyCount "46"]
[EventDate "2009.11.07"]
[EventType "team"]
[EventCountry "GER"]
[WhiteTeam "SV Medizin Erfurt"]
[BlackTeam "SAV Torgelow"]
[WhiteTeamCountry "GER"]
[BlackTeamCountry "GER"]

1. e4 c5 2. Nf3 Nc6 3. d4 cxd4 4. Nxd4 e6 5. Nc3 a6 6. Nxc6 bxc6 7. Bd3 e5 8.
Qe2 Nf6 9. O-O Bc5 10. Na4 Ba7 11. Be3 Bxe3 12. Qxe3 O-O 13. c4 Qa5 14. b3 d6
15. Rac1 Re8 16. Rfd1 c5 17. Be2 Qc7 18. Rd2 Bb7 19. Nc3 Rad8 20. Nd5 Nxd5 21.
cxd5 Qb6 22. Rdd1 a5 23. Bc4 Ra8 1/2-1/2

[Event "FBL 1"]
[Site "Deutschland"]
[Date "2010.03.27"]
[Round "10.4"]
[White "Chlost, Marlena"]
[Black "Anisheva, Varvara"]
[Result "1-0"]
[WhiteElo "2171"]
[BlackElo "2155"]
[PlyCount "81"]
[EventDate "2009.11.07"]
[EventType "team"]
[EventCountry "GER"]
[WhiteTeam "SAV Torgelow"]
[BlackTeam "SV Medizin Erfurt"]
[WhiteTeamCountry "GER"]
[BlackTeamCountry "GER"]

1. e4 c5 2. Nf3 g6 3. d4 Bg7 4. c3 cxd4 5. cxd4 d5 6. e5 Nc6 7. Bd3 Bg4 8. Nbd2
e6 9. Qa4 a6 10. O-O Nge7 11. b4 O-O 12. h3 Bxf3 13. Nxf3 b5 14. Qb3 Qb6 15.
Be3 Rfb8 16. g4 a5 17. a3 Ra7 18. Rfc1 axb4 19. axb4 Nc8 20. Qc3 Rxa1 21. Rxa1
Bf8 22. Rb1 Ra8 23. Ne1 Ra4 24. Nc2 N8a7 25. Kg2 Qb7 26. f4 Be7 27. Qe1 Ra2 28.
Kf3 Ra4 29. h4 f6 30. h5 fxe5 31. fxe5 g5 32. Kg3 h6 33. Qf2 Bd8 34. Rf1 Qg7
35. Bg6 Nxb4 36. Nxb4 Rxb4 37. Bf7+ Kh8 38. Bxe6 Be7 39. Qa2 Ra4 40. Qxd5 Ra3
41. Qa8+ 1-0

[Event "FBL 1"]
[Site "Deutschland"]
[Date "2010.03.27"]
[Round "10.6"]
[White "Stemmler, Lysan"]
[Black "Grohmann, Katrin"]
[Result "1/2-1/2"]
[WhiteElo "1835"]
[BlackElo "1898"]
[PlyCount "87"]
[EventDate "2009.11.07"]
[EventType "team"]
[EventCountry "GER"]
[WhiteTeam "SAV Torgelow"]
[BlackTeam "SV Medizin Erfurt"]
[WhiteTeamCountry "GER"]
[BlackTeamCountry "GER"]

1. e4 c5 2. c3 d5 3. exd5 Qxd5 4. d4 cxd4 5. cxd4 Nc6 6. Nf3 Bg4 7. Be2 e6 8.
O-O Nf6 9. h3 Bh5 10. Nc3 Qd8 11. Bg5 Be7 12. Qb3 Bxf3 13. Bxf3 Nxd4 14. Qxb7
Nxf3+ 15. Qxf3 O-O 16. Rfd1 Qb6 17. b3 h6 18. Bh4 Qb4 19. Bg3 Rac8 20. Rac1 Qa5
21. Bf4 Bb4 22. Na4 Rxc1 23. Rxc1 Qf5 24. g4 Qg6 25. Kh2 Nd5 26. Bg3 Ba3 27.
Rc4 Bb4 28. Qe2 Qb1 29. Qc2 Qf1 30. Qe4 Qa1 31. Qc2 Qe1 32. Nb2 Ba5 33. Nd3 Qf1
34. Ne5 Nb4 35. Qb2 Nd3 36. Nxd3 Qxd3 37. Qc2 Qxc2 38. Rxc2 Bb6 39. Bh4 f6 40.
Rd2 Rd8 41. Rxd8+ Bxd8 42. Kg2 Kf7 43. f3 Bb6 44. Bf2 1/2-1/2

[Event "FBL 1"]
[Site "Deutschland"]
[Date "2010.03.28"]
[Round "11.1"]
[White "Kononenko, Tatiana"]
[Black "Mueller Ludwig, Kristin"]
[Result "1-0"]
[WhiteElo "2377"]
[BlackElo "2151"]
[PlyCount "71"]
[EventDate "2009.11.07"]
[EventType "team"]
[EventCountry "GER"]
[WhiteTeam "USV Volksbank Halle"]
[BlackTeam "SV Medizin Erfurt"]
[WhiteTeamCountry "GER"]
[BlackTeamCountry "GER"]

1. d4 Nf6 2. c4 g6 3. Nc3 Bg7 4. e4 d6 5. Bd3 O-O 6. Nge2 Nc6 7. O-O e5 8. d5
Nd4 9. Rb1 c5 10. dxc6 bxc6 11. b4 Ne8 12. Nxd4 exd4 13. Ne2 Nc7 14. Qc2 Qe7
15. Bf4 c5 16. bxc5 dxc5 17. Rfe1 Ne6 18. Bg3 Bb7 19. f4 Bc6 20. f5 Nc7 21. Nf4
Be5 22. Nd5 Qd6 23. Bxe5 Qxe5 24. Qd2 Rfb8 25. Rbc1 a5 26. Qh6 Ne8 27. Qh4 Kg7
28. g4 Rb2 29. g5 Bxd5 30. exd5 Qd6 31. f6+ Kg8 32. Rc2 Rxc2 33. Bxc2 h5 34.
Re7 Rb8 35. Bxg6 fxg6 36. Qe4 1-0

[Event "FBL 1"]
[Site "Deutschland"]
[Date "2010.03.28"]
[Round "11.2"]
[White "Troyke, Doreen"]
[Black "Madl, Ildiko"]
[Result "0-1"]
[WhiteElo "2105"]
[BlackElo "2390"]
[PlyCount "116"]
[EventDate "2009.11.07"]
[EventType "team"]
[EventCountry "GER"]
[WhiteTeam "SV Medizin Erfurt"]
[BlackTeam "USV Volksbank Halle"]
[WhiteTeamCountry "GER"]
[BlackTeamCountry "GER"]

1. g3 d5 2. Bg2 c6 3. Nf3 Nf6 4. c4 dxc4 5. Na3 g6 6. Nxc4 Bg7 7. O-O O-O 8. d3
Be6 9. Qc2 Na6 10. Bd2 Nd5 11. a3 h6 12. Rab1 c5 13. Rfc1 b6 14. b4 cxb4 15.
axb4 b5 16. e4 Nf6 17. Nce5 Rc8 18. Nc6 Qe8 19. d4 Kh8 20. Nfe5 Nd7 21. Nxd7
Bxd7 22. Qa2 Rxc6 23. Rxc6 Bxc6 24. Qxa6 Bxd4 25. Rc1 Bd7 26. Bxh6 Rg8 27. Bd2
Bb6 28. Qa1+ e5 29. Bc3 f6 30. Rd1 Qe7 31. Qc1 Kg7 32. Qd2 Be6 33. h4 Bg4 34.
Rc1 Rd8 35. Qb2 Qd6 36. Kh2 Bd4 37. Ra1 a6 38. Qb3 Bxf2 39. Qa2 Bd4 40. Rc1 Rc8
41. Bd2 Be6 42. Qb1 Bc4 43. Rd1 Be2 44. Rc1 Bd3 45. Qa2 Rc4 46. Qb3 Bb6 47. Rd1
Rd4 48. Qc3 Be2 49. Qe3 Bxd1 50. Qh6+ Kf7 51. Qh7+ Ke8 52. Qxg6+ Kd8 53. Be3
Rd3 54. Bxb6+ Qxb6 55. h5 Qf2 56. h6 Rd2 57. Qg8+ Kc7 58. Qf7+ Rd7 0-1

[Event "FBL 1"]
[Site "Deutschland"]
[Date "2010.03.28"]
[Round "11.3"]
[White "Melamed, Tatiana"]
[Black "Hannes, Diana"]
[Result "1/2-1/2"]
[WhiteElo "2312"]
[BlackElo "2115"]
[PlyCount "114"]
[EventDate "2009.11.07"]
[EventType "team"]
[EventCountry "GER"]
[WhiteTeam "USV Volksbank Halle"]
[BlackTeam "SV Medizin Erfurt"]
[WhiteTeamCountry "GER"]
[BlackTeamCountry "GER"]

1. e4 c5 2. Nf3 Nc6 3. Bb5 g6 4. Bxc6 dxc6 5. d3 Bg7 6. h3 e5 7. Be3 Qe7 8. Qd2
Nf6 9. Bh6 Bxh6 10. Qxh6 Nd7 11. Nc3 b6 12. O-O Bb7 13. Nh2 O-O-O 14. f4 c4 15.
dxc4 Qb4 16. Rab1 Ba6 17. f5 Qxc4 18. Kh1 Qb4 19. Rf3 Qf8 20. Ng4 Qe7 21. b4
Kb8 22. a4 Bb7 23. Ne3 Nf6 24. fxg6 hxg6 25. Qg7 Nh5 26. Rxf7 Nxg7 27. Rxe7 Nh5
28. Rxe5 Nf4 29. Rd1 Rdf8 30. Kg1 Bc8 31. b5 Bxh3 32. bxc6 Bxg2 33. c7+ Kb7 34.
Rd8 Bh3 35. Re7 Bc8 36. Rxf8 Rxf8 37. Nc4 Kc6 38. Nb5 a6 39. Na7+ Kc5 40. Nxc8
Rxc8 41. Ne3 Kd6 42. Rf7 Nh3+ 43. Kg2 Ng5 44. Rf6+ Kxc7 45. e5 Re8 46. Nd5+ Kb7
47. Rxb6+ Ka7 48. Rxg6 Rxe5 49. Rg7+ Kb8 50. Nb4 Kc8 51. Nxa6 Ra5 52. Nb4 Ne6
53. Re7 Rxa4 54. Rxe6 Rxb4 55. Kf2 Kd7 56. Re3 Kd6 57. Ke2 Rd4 1/2-1/2

[Event "FBL 1"]
[Site "Deutschland"]
[Date "2010.03.28"]
[Round "11.4"]
[White "Anisheva, Varvara"]
[Black "Belic, Jordanka"]
[Result "1-0"]
[WhiteElo "2155"]
[BlackElo "2313"]
[PlyCount "89"]
[EventDate "2009.11.07"]
[EventType "team"]
[EventCountry "GER"]
[WhiteTeam "SV Medizin Erfurt"]
[BlackTeam "USV Volksbank Halle"]
[WhiteTeamCountry "GER"]
[BlackTeamCountry "GER"]

1. Nf3 c5 2. g3 Nc6 3. Bg2 Nf6 4. O-O g6 5. d3 d5 6. Nbd2 Bg7 7. c3 O-O 8. e4
e5 9. Re1 Rb8 10. a4 b6 11. exd5 Nxd5 12. Nc4 Re8 13. Ng5 f6 14. Qf3 Nde7 15.
Ne4 Rf8 16. Qe2 Be6 17. f4 Bxc4 18. dxc4 Qc7 19. Nf2 Rbe8 20. Bd2 f5 21. fxe5
Qxe5 22. Bf4 Qxe2 23. Rxe2 Rc8 24. Rae1 Bf6 25. Bd6 Rf7 26. Re6 Kg7 27. Nh3 Ng8
28. Bxc6 Rxc6 29. Bf8+ Kxf8 30. Rxc6 Rd7 31. Nf4 Kf7 32. Nd5 Bd8 33. Ree6 Bg5
34. Red6 Rb7 35. Rc8 Bc1 36. b3 Ne7 37. Rc7 Rxc7 38. Nxc7 f4 39. Rd7 fxg3 40.
hxg3 Kf8 41. Nd5 Nc6 42. Rxh7 Bd2 43. Kf1 Na5 44. Rxa7 Nxb3 45. Rb7 1-0

[Event "FBL 1"]
[Site "Deutschland"]
[Date "2010.03.28"]
[Round "11.5"]
[White "Sharevich, Anna"]
[Black "Umpfenbach, Carolin"]
[Result "1-0"]
[WhiteElo "2252"]
[BlackElo "2122"]
[PlyCount "55"]
[EventDate "2009.11.07"]
[EventType "team"]
[EventCountry "GER"]
[WhiteTeam "USV Volksbank Halle"]
[BlackTeam "SV Medizin Erfurt"]
[WhiteTeamCountry "GER"]
[BlackTeamCountry "GER"]

1. d4 e6 2. c4 f5 3. Nc3 Nf6 4. Nf3 b6 5. Bf4 Bb4 6. Qb3 Bxc3+ 7. Qxc3 d6 8. e3
Ne4 9. Qc2 O-O 10. h3 Nd7 11. Bd3 Ndf6 12. O-O-O Qe7 13. g4 d5 14. Ne5 dxc4 15.
Bxc4 Nd5 16. gxf5 Nd6 17. f6 Nxf6 18. Bd3 Nf5 19. Rdg1 Kh8 20. Bg5 c5 21. dxc5
bxc5 22. Be4 Rb8 23. Nc6 Qb7 24. Bxf6 gxf6 25. Nxb8 Qxb8 26. Bxf5 exf5 27. Qxc5
Be6 28. Qe7 1-0

[Event "FBL 1"]
[Site "Deutschland"]
[Date "2010.03.28"]
[Round "11.6"]
[White "Grohmann, Katrin"]
[Black "Eckhardt, Claudia"]
[Result "1-0"]
[WhiteElo "1898"]
[BlackElo "2173"]
[PlyCount "137"]
[EventDate "2009.11.07"]
[EventType "team"]
[EventCountry "GER"]
[WhiteTeam "SV Medizin Erfurt"]
[BlackTeam "USV Volksbank Halle"]
[WhiteTeamCountry "GER"]
[BlackTeamCountry "GER"]

1. e4 c5 2. Nc3 e6 3. g3 Nc6 4. Bg2 g6 5. f4 d6 6. Nf3 Bg7 7. O-O Nge7 8. d3
O-O 9. Be3 Nd4 10. e5 Nef5 11. Bf2 Nxf3+ 12. Bxf3 Nd4 13. Bg2 dxe5 14. fxe5
Bxe5 15. Ne4 f5 16. Nxc5 Qc7 17. b4 Nc6 18. d4 Rd8 19. c3 Bg7 20. Qb3 Kh8 21.
Nxe6 Bxe6 22. Qxe6 Re8 23. Qb3 Qd7 24. Rae1 Rxe1 25. Rxe1 Re8 26. Rxe8+ Qxe8
27. Qc4 Bf6 28. Qb5 Qc8 29. Bxc6 bxc6 30. Qc5 Qe8 31. Qxa7 Qe4 32. Qb8+ Kg7 33.
Qc7+ Kg8 34. Qf4 Qd5 35. Qd2 Kf8 36. a4 Qb3 37. a5 Qc4 38. Qe3 Kf7 39. Be1 g5
40. Qf2 Ke6 41. Qf1 Qa2 42. a6 Bd8 43. b5 Bc7 44. bxc6 h5 45. Qd3 h4 46. d5+
Kf6 47. d6 Bb6+ 48. Kf1 h3 49. Bd2 Qa1+ 50. Ke2 Qh1 51. d7 Qxh2+ 52. Kd1 Qh1+
53. Kc2 Qxc6 54. d8=Q+ Bxd8 55. Qxd8+ Kf7 56. Qxg5 Qa4+ 57. Kb2 Qb5+ 58. Kc1
Qf1+ 59. Kc2 Qf3 60. Qh6 Qe4+ 61. Kb2 Qg2 62. a7 h2 63. Qh7+ Kf6 64. Qh8+ Ke6
65. Qe8+ Kf6 66. Qd8+ Ke6 67. a8=Q h1=Q 68. Qac8+ Ke5 69. Qc5+ 1-0